Tour de France 2022. Les vainqueurs d'étapes - Statistiques

Statistiques générales
  • Ce quiz a été pris 464 fois
    402 depuis la dernière actualisation
  • Le résultat moyen est 16 sur 21
Statistiques - réponses
Etape vainqueur % Correct
6) Binche - Longwy Tadej Pogacar
99%
7) Tomblaine - La super Planche des Belles Filles Tadej Pogacar
99%
17) Saint Gaudens - Peyragudes Tadej Pogacar
99%
11) Albertville - Col du Granon Jonas Vingegaard
98%
18) Lourdes - Hautacam Jonas Vingegaard
98%
4) Dunkerque - Calais Wout Van Aert
93%
8) Dole - Lausanne Wout Van Aert
93%
20) Lacapelle-Marival - Rocamadour Wout Van Aert
93%
15) Rodez - Carcassonne Jasper Philipsen
84%
21) Paris la Défende Arena - Paris Champs-Elysées Jasper Philipsen
84%
1) Copenhague - Copenhague (clm) Yves Lampaert
78%
2) Roskilde - Nyborg Fabio Jakobsen
74%
19) Castelnau-Magnoac - Cahors Christophe Laporte
72%
12) Briançon- Alpe d'Huez Tom Pidcock
68%
3) Vejle - Sonderborg Dylan Groenewegen
55%
10) Morzine Les Portes du Soleil - Megève Magnus Cort Nielsen
54%
9) Aigle - Châtel Les Portes du Soleil Bob Jungels
49%
14) Saint-Etienne - Mende Michael Matthews
48%
5) Lille Métropole - Arenberg Port du Hainaut Simon Clarke
48%
13) Le Bourg d'Oisans - Saint-Etienne Mads Pedersen
45%
16) Carcassonne - Foix Hugo Houle
39%
Aucun quiz correspondant
Distribution des résultats
% des personnes avec chaque résultat
Percentile par nombre de réponses
Votre historique - résultats
Vous n’avez pas pris ce quiz depuis la dernière actualisation